Report on reorganisation of the machinary of government (Record no. 491409)

000 -LEADER
fixed length control field 00360cam a22001097a 4500
008 - FIXED-LENGTH DATA ELEMENTS--GENERAL INFORMATION
fixed length control field 180718b1949 xxu||||| |||| 00| 0 eng d
082 ## - DEWEY DECIMAL CLASSIFICATION NUMBER
Classification number I5135x54 In2R
100 ## - MAIN ENTRY--PERSONAL NAME
Personal name Ayyangar, N. Gopalaswami
245 ## - TITLE STATEMENT
Title Report on reorganisation of the machinary of government
Statement of responsibility, etc. by N. Gopalaswami Ayyangar
260 ## - PUBLICATION, DISTRIBUTION, ETC.
Place of publication, distribution, etc. Faridabad
Name of publisher, distributor, etc. Government of India Press
Date of publication, distribution, etc. 1949
300 ## - PHYSICAL DESCRIPTION
Extent 52+p
Holdings
Withdrawn status Lost status Damaged status Not for loan Permanent Location Current Location Date acquired Full call number Barcode Date last seen Price effective from Koha item type
        Indian Institute of Public Administration Indian Institute of Public Administration 2018-08-04 I5135x54 In2R GG1690 2018-08-04 2018-08-04 GG

Powered by Koha